000 00976nam a2200229 4500
005 20240913054734.0
008 240913b |||||||| |||| 00| 0 eng d
020 _a978-971-9655-30-5
082 _aFil. 796.81 P578 2023
100 _aBulatao, Mary Grace M.
245 _aPhysical activity towards health and fitness (PATH-FIT 2):
_bcombative sports and outdoor recreational activities: arnis, taekwondo, boxing, pencak silat, mountaineering, hiking and trekking, camping, and orienteering /
_cMary Grace M. Bulatao, Ronda L. Navalta, Ginna T. Astillero, Nimfa F. Buedron.
260 _aManila:
_bMindshapers,
_cc2023
300 _aviii, 144p.:
_bill.
504 _aIncludes bibliographical references
541 _e7565 c.1, 7566 c.2, 7567 c.3, 7568 c.4, 7569 c.5
650 _aMartial arts
650 _aTaekwondo
650 _aOutdoor recreation
700 _aNavalta, Ronda L.
_eauthor
700 _aAstillero, Ginna T.
_eauthor
700 _aBuedron, Nimfa A.
_eauthor
999 _c2313
_d2313